Listen for i t: A task based listening course
Zapisane w:
| 1. autor: | |
|---|---|
| Format: | Książka |
| Język: | Undetermined |
| Wydane: |
Oxford University Press
1995
|
| Hasła przedmiotowe: | |
| Etykiety: |
Dodaj etykietę
Nie ma etykietki, Dołącz pierwszą etykiete!
|
| Thư viện lưu trữ: | Trung tâm Học liệu Trường Đại học Cần Thơ |
|---|
| LEADER | 00583nam a2200193Ia 4500 | ||
|---|---|---|---|
| 001 | CTU_118424 | ||
| 008 | 210402s9999 xx 000 0 und d | ||
| 082 | |a 428.34 | ||
| 082 | |b R514/Cas.2 | ||
| 100 | |a Richards, Jack C. | ||
| 245 | 0 | |a Listen for i t: | |
| 245 | 2 | |b A task based listening course | |
| 245 | 0 | |c Jack C Richard, Deborah Gordon, Andrew Harper | |
| 260 | |b Oxford University Press | ||
| 260 | |c 1995 | ||
| 650 | |a English language,Listening | ||
| 650 | |x Textbooks for foreign speakers | ||
| 904 | |i M.Loan | ||
| 980 | |a Trung tâm Học liệu Trường Đại học Cần Thơ | ||